000 00800nam a22002774a 4500
001 UByD004319
003 AR-LpoUNG
005 20260106155929.0
008 251201s2025 ag a br 000 1 spa d
020 _a9786319135507
040 _aAR-LpoUNG
_bspa
_eaacr
041 0 _aspa
082 0 _a808.068 3 467gua
100 1 _aBenítez, Verónica
245 1 3 _aLa guardiana del zapallo
250 _a1ra. ed.
260 _aLos Polvorines :
_bCDB,
_c2025.
300 _a14 p . :
_bil. col.
505 0 _aSugerido a partir de los 6 años (etiqueta amarilla).
650 4 _aCuentos
653 0 _aLiteratura infantil
653 0 _aAutores locales
700 1 _aBenedetti, Catriel de
_eil.
942 _2ddc
_cLIB
999 _c67409
_d67409